000
00274nam a22001217a 4500
008
181121b xxu||||| |||| 00| 0 eng d
041
_a
eng
080
_a
370
100
_a
49
101
_a
edu
245
_a
Everyyones An Author With Readings
_c
Andrea.l
942
_2
udc
_c
BK
999
_c
52244
_d
52244